000 00921cam a22002531 4500
001 15093
003 BD-RjUL
005 20211208235740.0
008 140209s1966 enka b 001 0 eng d
035 _a(BD-RjUL)15147
040 _aDLC/ICU
_cICU
_dDLC
_dBD-RjUL
_beng
041 _aeng
082 0 0 _219
_a 515.353
_bLAM 1966
245 1 0 _aLaminar boundary layers :
_ban account of the development, structure, and stability of laminar boundary layers in incompressible fluids, together with a description of the associated experimental techniques /
_cEd by Rosenhead, Louis,
260 _aOxford :
_bClarendon Press,
_c1966
300 _a687 p. :
_billus. ,
_c24 cm.
504 _aIncludes bibliography and Index
650 0 _aBoundary layer.
_946982
650 0 _aLaminar flow.
_927305
700 1 _aRosenhead, Louis,
_946983
942 _2ddc
_cBK
999 _c15093
_d15093